000 00939nam a2200289 a 4500
999 _c473
_d473
001 bl2010026410
003 OSt
005 20190815145657.0
008 100927s2010 nyuab 001 0aeng d
020 _a9781616084073
040 _aNjBwBT
_cNjBwBT
082 0 4 _a940.54 URQ
_222
091 _aB
100 1 _aUrquhart, Alistair.
_eauthor
245 1 4 _aThe forgotten Highlander :
_ban incredible WWII story of survival in the Pacific /
_cAlistair Urquhart.
260 _aNew York :
_bSkyhorse Pub.,
_cc2011.
300 _a312 p. :
_bill., map ;
_c24 cm.
500 _a"A Herman Graf book."
500 _aIncludes index.
610 1 0 _aGreat Britain.
_bArmy.
_bGordon Highlanders
_vBiography.
650 0 _aWorld War, 1939-1945
_xPrisoners and prisons, Japanese.
650 0 _aPrisoners of war
_zJapan.
650 0 _aWorld War, 1939-1945
_vPersonal narratives, British.
902 _aleased
908 1 4 _aDA69.3.U76
942 _2ddc
_cNFIC